Corporations look closer to home for expansion space (Record no. 77238)
[ view plain ]
| 000 -LEADER | |
|---|---|
| fixed length control field | 00793cab a2200169 4500 |
| 001 - CONTROL NUMBER | |
| control field | ##L133871 |
| 008 - FIXED-LENGTH DATA ELEMENTS--GENERAL INFORMATION | |
| fixed length control field | 060614n2006 000 0 eng u |
| 035 ## - SYSTEM CONTROL NUMBER | |
| System control number | (Sirsi) u133871 |
| 041 0# - LANGUAGE CODE | |
| Language code of text/sound track or separate title | eng |
| 245 00 - TITLE STATEMENT | |
| Title | Corporations look closer to home for expansion space |
| 260 ## - PUBLICATION, DISTRIBUTION, ETC. | |
| Date of publication, distribution, etc. | 2006 |
| 490 #0 - SERIES STATEMENT | |
| Series statement | EuroProperty |
| Volume/sequential designation | June 2006, 14-15(2) |
| 520 ## - SUMMARY, ETC. | |
| Summary, etc. | Discusses the results of the "EuroProperty"/Nelson Bakewell occupier sentiment survey 2006, and compares the figures with the 2005 survey. Occupiers have reduced the amount of vacant space in portfolios, and the proportion seeking space has risen. The trend for offshoring and nearshoring operations is diminishing. Graphs. |
| 590 ## - LOCAL NOTE (RLIN) | |
| Local note | IKA200606 |
| 690 ## - LOCAL SUBJECT ADDED ENTRY--TOPICAL TERM (OCLC, RLIN) | |
| Topical term or geographic name as entry element | PROPERTY-COMMERCIAL PROPERTY-CORPORATE REAL ESTATE-CORPORATE OCCUPIERS |
| 942 ## - ADDED ENTRY ELEMENTS (KOHA) | |
| Suppress in OPAC | 0 |
| Withdrawn status | Lost status | Source of classification or shelving scheme | Damaged status | Not for loan | Home library | Current library | Shelving location | Date acquired | Total Checkouts | Full call number | Barcode | Date last seen | Copy number | Price effective from | Koha item type |
|---|---|---|---|---|---|---|---|---|---|---|---|---|---|---|---|
| Dewey Decimal Classification | London | London | Journal article | 14/06/2006 | L133871 | 133871-1001 | 06/08/2019 | 1 | 06/08/2019 | Journal article |